Photos d'animaux #3 (Océanie) - Statistiques

Statistiques générales
  • Ce quiz a été pris 80 fois
  • Le résultat moyen est 9 sur 16
Statistiques - réponses
Par images Réponse % Correct
Un kangourou roux
88%
Un koala
86%
Une veuve noire à dos rouge
74%
Un dingo australien
71%
Un sphénodin ponctué
69%
Une petite chauve-souris à queue courte de Nouvelle-Zélande
64%
Un dauphin d'Hector
62%
Un taïpan du désert
60%
Une otarie à fourrure australienne
59%
Un kiwi austral
57%
Un ornithorynque
52%
Un lion de mer de Nouvelle-Zélande
50%
Un diable de Tasmanie
48%
Un poisson salamandre
21%
Un gorfou du Fiorland
10%
Un strigops kakapo
10%
Aucun quiz correspondant
Distribution des résultats
% des personnes avec chaque résultat
Percentile par nombre de réponses
Votre historique - résultats
Vous n’avez pas pris ce quiz